Bal barti (Record no. 4704)
[ view plain ]
| 000 -LEADER | |
|---|---|
| fixed length control field | 00210nam a22000857a 4500 |
| 008 - FIXED-LENGTH DATA ELEMENTS--GENERAL INFORMATION | |
| fixed length control field | 161207b xxu||||| |||| 00| 0 eng d |
| 100 ## - MAIN ENTRY--PERSONAL NAME | |
| 9 (RLIN) | 1937 |
| Personal name | Sayunkta ludra.S |
| 245 ## - TITLE STATEMENT | |
| Title | Bal barti |
| 260 ## - PUBLICATION, DISTRIBUTION, ETC. (IMPRINT) | |
| Place of publication, distribution, etc. | New Delhi |
| Name of publisher, distributor, etc. | NCERT |
| Date of publication, distribution, etc. | 2006 |
No items available.